[Event "RD-2022-0-00170"]
[Site "LSS email"]
[Date "2022.06.19"]
[Round "?"]
[White "Farr, Dorota"]
[Black "Laczay, Istvan"]
[Result "1/2-1/2"]
[WhiteElo "1456"]
[BlackElo "1513"]
[PlyCount "74"]
[EventDate "2021.09.18"]
[EventType "tourn (corr)"]
[EventRounds "6"]
[EventCountry "GER"]
[SourceTitle "Corr 2024"]
[Source "ChessBase"]
[SourceDate "2023.10.19"]
[SourceVersion "1"]
[SourceVersionDate "2023.10.19"]
[SourceQuality "1"]

1. d4 Nf6 2. f3 d5 3. e4 dxe4 4. Nc3 exf3 5. Nxf3 g6 6. Bc4 Bg7 7. 0-0 Nc6 8. h3 a6 9. Ne5 0-0 10. Nxc6 bxc6 11. Na4 Nd5 12. c3 e5 13. dxe5 Bxe5 14. Bh6 Re8 15. Qf3 Bf5 16. Qf2 Bg7 17. Bxg7 Kxg7 18. Rad1 Qg5 19. Bxd5 cxd5 20. Rxd5 Re3 21. Nc5 c6 22. Rd4 Rae8 23. Qf4 Qxf4 24. Rfxf4 R8e5 25. Nxa6 Re1+ 26. Rf1 Rxf1+ 27. Kxf1 Ra5 28. Nc7 Rxa2 29. Ne8+ Kf8 30. Nd6 Be6 31. Rd2 Ke7 32. Nb7 f5 33. Kf2 Ra1 34. Nc5 Bd5 35. b3 Kd6 36. Nb7+ Kc7 37. Nc5 Kd6 1/2-1/2

[Event "RD-2022-0-00169"]
[Site "LSS email"]
[Date "2022.05.04"]
[Round "?"]
[White "Laczay, Istvan"]
[Black "Reede, Arvo"]
[Result "1/2-1/2"]
[WhiteElo "1537"]
[BlackElo "1476"]
[PlyCount "81"]
[EventDate "2021.04.21"]
[EventType "tourn (corr)"]
[EventRounds "6"]
[EventCountry "GER"]
[SourceTitle "Corr 2024"]
[Source "ChessBase"]
[SourceDate "2023.10.19"]
[SourceVersion "1"]
[SourceVersionDate "2023.10.19"]
[SourceQuality "1"]

1. d4 Nf6 2. c4 e6 3. Nc3 d5 4. Nf3 c5 5. cxd5 Nxd5 6. e4 Nxc3 7. bxc3 cxd4 8. cxd4 Bb4+ 9. Bd2 Bxd2+ 10. Qxd2 Nc6 11. Bb5 0-0 12. Bxc6 bxc6 13. 0-0 Rb8 14. Rfc1 Bb7 15. Qe3 Qd6 16. e5 Qd7 17. Ng5 h6 18. Ne4 Rfd8 19. Nd6 Ba6 20. a4 Rb4 21. h3 Rdb8 22. Ra3 f5 23. Kh2 Bb7 24. a5 Ba6 25. Rac3 Bb5 26. Nxb5 R8xb5 27. Rxc6 Qxd4 28. Qxd4 Rxd4 29. Rxe6 Kf7 30. Ra6 Rb7 31. Rc8 Re7 32. Ra8 Rxe5 33. R6xa7+ Re7 34. Rxe7+ Kxe7 35. a6 Ra4 36. a7 Kf7 37. f4 h5 38. g4 hxg4 39. hxg4 fxg4 40. Kg3 Ra1 41. Kxg4 1/2-1/2

[Event "SD-2022-0-00324"]
[Site "LSS email"]
[Date "2022.02.22"]
[Round "?"]
[White "Grimm, Wolfgang"]
[Black "Laczay, Istvan"]
[Result "0-1"]
[WhiteElo "1379"]
[BlackElo "1525"]
[PlyCount "80"]
[EventDate "2021.09.09"]
[EventType "tourn (corr)"]
[EventRounds "6"]
[EventCountry "GER"]
[SourceTitle "Corr 2024"]
[Source "ChessBase"]
[SourceDate "2023.10.19"]
[SourceVersion "1"]
[SourceVersionDate "2023.10.19"]
[SourceQuality "1"]

1. Nf3 Nf6 2. d4 c5 3. dxc5 e6 4. Be3 Na6 5. Nc3 Nxc5 6. Qd4 d6 7. 0-0-0 Bd7 8. Bg5 e5 9. Qe3 Rc8 10. Bxf6 Qxf6 11. g3 h6 12. Bg2 Be7 13. Ne4 Nxe4 14. Qxe4 Bc6 15. Qg4 Rc7 16. Kb1 0-0 17. e4 h5 18. Qxh5 Bxe4 19. Ne1 Bxg2 20. Nxg2 Qxf2 21. Ne1 g6 22. Qg4 Rfc8 23. Qe4 Kg7 24. Qd3 Qb6 25. Qe2 e4 26. Qxe4 Bf6 27. b3 Qa5 28. Rf1 Qc3 29. Rxf6 Qxf6 30. Qg2 Re8 31. Nd3 Qc3 32. Qf2 Rce7 33. Rf1 a5 34. Qf4 b5 35. h4 a4 36. b4 a3 37. Qc1 Kg8 38. h5 Re3 39. hxg6 fxg6 40. Rh1 R8e4 0-1

[Event "SD-2022-0-00324"]
[Site "LSS email"]
[Date "2022.02.22"]
[Round "?"]
[White "Trani, Francesco"]
[Black "Laczay, Istvan"]
[Result "1-0"]
[WhiteElo "1577"]
[BlackElo "1525"]
[PlyCount "97"]
[EventDate "2021.09.09"]
[EventType "tourn (corr)"]
[EventRounds "6"]
[EventCountry "GER"]
[SourceTitle "Corr 2024"]
[Source "ChessBase"]
[SourceDate "2023.10.19"]
[SourceVersion "1"]
[SourceVersionDate "2023.10.19"]
[SourceQuality "1"]

1. e4 c5 2. Nf3 d6 3. d4 cxd4 4. Nxd4 Nf6 5. Nc3 a6 6. Be2 e5 7. Nb3 Be7 8. 0-0 0-0 9. Be3 Qc7 10. Qd3 b5 11. a4 b4 12. Nd5 Nxd5 13. exd5 a5 14. Qd1 Bf5 15. Qd2 Nd7 16. Rac1 Nf6 17. Bb5 Bd7 18. c4 bxc3 19. Rxc3 Qb7 20. Bxd7 Nxd7 21. Qd3 Rfb8 22. Nd2 Nf6 23. Rc6 Qxb2 24. Nc4 e4 25. Qd1 Qb7 26. Qd2 Bd8 27. Bf4 Qb4 28. Qd1 Rc8 29. Bd2 Qb8 30. Bc3 Ne8 31. Re1 f5 32. Ne3 g6 33. g4 Qb7 34. gxf5 Rxc6 35. dxc6 Qxc6 36. Nd5 Qc4 37. Re3 Rb8 38. Rh3 Ng7 39. Bxg7 Kxg7 40. fxg6 hxg6 41. Rc3 Rb1 42. Qxb1 Qxd5 43. Re3 Qg5+ 44. Kf1 d5 45. Qb7+ Kf8 46. Qd7 Be7 47. Qc7 Qh5 48. Qxa5 Kf7 49. Qb5 1-0

[Event "RD-2022-0-00168"]
[Site "LSS email"]
[Date "2022.01.12"]
[Round "?"]
[White "Laczay, Istvan"]
[Black "Borchardt, Petra"]
[Result "1/2-1/2"]
[WhiteElo "1499"]
[BlackElo "1599"]
[PlyCount "93"]
[EventDate "2020.12.08"]
[EventType "tourn (corr)"]
[EventRounds "6"]
[EventCountry "GER"]
[SourceTitle "Corr 2024"]
[Source "ChessBase"]
[SourceDate "2023.10.19"]
[SourceVersion "1"]
[SourceVersionDate "2023.10.19"]
[SourceQuality "1"]

1. d4 b6 2. e4 Bb7 3. Bd3 e6 4. Nf3 d5 5. exd5 Bxd5 6. 0-0 Nf6 7. Ne5 Bd6 8. Nc3 Bb7 9. Bg5 h6 10. Bh4 Be7 11. Be2 0-0 12. Bf3 c6 13. Re1 Nd5 14. Bxe7 Nxe7 15. Bg4 Nd7 16. Nxf7 Rxf7 17. Bxe6 Nf8 18. Bxf7+ Kxf7 19. Re3 Kg8 20. Qg4 Rc8 21. Rae1 Rc7 22. h4 Bc8 23. Qe2 Nf5 24. Re8 Qf6 25. d5 Bd7 26. Ra8 Nxh4 27. d6 Rc8 28. Rxc8 Bxc8 29. Qc4+ Kh7 30. Qxc6 Bd7 31. Qe4+ Nf5 32. Rd1 Qg6 33. Rd5 Kg8 34. g3 h5 35. Rd3 Ne6 36. b4 Ng5 37. Qd5+ Kh7 38. Ne4 h4 39. Nxg5+ Qxg5 40. Qf3 hxg3 41. fxg3 Kh8 42. Qf4 Qg6 43. Qe4 Qg5 44. Kf2 Qc1 45. Qe2 Qh1 46. Qf3 Qb1 47. g4 1/2-1/2

[Event "RD-2021-0-00167"]
[Site "LSS email"]
[Date "2021.12.03"]
[Round "?"]
[White "Roe, Philip"]
[Black "Laczay, Istvan"]
[Result "1/2-1/2"]
[WhiteElo "1485"]
[BlackElo "1578"]
[PlyCount "44"]
[EventDate "2020.08.01"]
[EventType "tourn (corr)"]
[EventRounds "6"]
[EventCountry "GER"]
[SourceTitle "Corr 2024"]
[Source "ChessBase"]
[SourceDate "2023.10.19"]
[SourceVersion "1"]
[SourceVersionDate "2023.10.19"]
[SourceQuality "1"]

1. d4 Nf6 2. Nf3 g6 3. c4 Bg7 4. Nc3 d5 5. cxd5 Nxd5 6. e4 Nxc3 7. bxc3 c5 8. Be3 Qa5 9. Qd2 0-0 10. Rb1 b6 11. Rc1 Nd7 12. Bh6 Bxh6 13. Qxh6 cxd4 14. Ng5 Nf6 15. Bc4 Ba6 16. Bxa6 Qxa6 17. e5 Rae8 18. f3 Qa5 19. f4 Qb5 20. c4 Qa5+ 21. Kd1 Qa4+ 22. Kd2 Qb4+ 1/2-1/2

[Event "RD-2021-0-00167"]
[Site "LSS email"]
[Date "2021.12.02"]
[Round "?"]
[White "Laczay, Istvan"]
[Black "Farr, Dorota"]
[Result "1-0"]
[WhiteElo "1578"]
[BlackElo "1542"]
[PlyCount "101"]
[EventDate "2020.08.01"]
[EventType "tourn (corr)"]
[EventRounds "6"]
[EventCountry "GER"]
[SourceTitle "Corr 2024"]
[Source "ChessBase"]
[SourceDate "2023.10.19"]
[SourceVersion "1"]
[SourceVersionDate "2023.10.19"]
[SourceQuality "1"]

1. d4 Nf6 2. Nf3 d5 3. c4 dxc4 4. e3 Bg4 5. Bxc4 e6 6. h3 Bf5 7. Nc3 Nbd7 8. 0-0 h6 9. Re1 Bb4 10. Qb3 a5 11. a3 Bxc3 12. bxc3 Nb6 13. Bb5+ c6 14. Be2 0-0 15. Ne5 a4 16. Qb2 Nbd7 17. f3 Bh7 18. e4 Nh5 19. Be3 Qc7 20. c4 f5 21. exf5 exf5 22. f4 Ng3 23. Bf3 Ne4 24. Rab1 Rfb8 25. Red1 Nxe5 26. dxe5 Qe7 27. c5 Ra6 28. e6 Qxe6 29. Qxb7 Rxb7 30. Rd8+ Kf7 31. Rxb7+ Kg6 32. Rdd7 Qxd7 33. Rxd7 Nf6 34. Rd6 Kf7 35. Rxc6 Ra7 36. Rb6 Re7 37. Bd4 Re1+ 38. Kh2 Rc1 39. c6 Bg6 40. Be5 Ke7 41. c7 Be8 42. Bxf6+ gxf6 43. Rc6 Rxc6 44. Bxc6 Bd7 45. Bb7 Kd6 46. c8Q Bxc8 47. Bxc8 Kd5 48. Bd7 Ke4 49. Kg3 Kd5 50. Bxa4 Kd6 51. Kh4 1-0

[Event "SD-2021-0-00322"]
[Site "LSS email"]
[Date "2021.10.29"]
[Round "?"]
[White "Laczay, Istvan"]
[Black "Reede, Arvo"]
[Result "1/2-1/2"]
[WhiteElo "1483"]
[BlackElo "1513"]
[PlyCount "121"]
[EventDate "2021.03.24"]
[EventType "tourn (corr)"]
[EventRounds "6"]
[EventCountry "GER"]
[SourceTitle "Corr 2024"]
[Source "ChessBase"]
[SourceDate "2023.10.19"]
[SourceVersion "1"]
[SourceVersionDate "2023.10.19"]
[SourceQuality "1"]

1. d4 Nf6 2. Nf3 e6 3. c4 d5 4. g3 Bb4+ 5. Bd2 Be7 6. Bg2 0-0 7. 0-0 dxc4 8. Qc2 Nbd7 9. Qxc4 Nb6 10. Qc2 Bd7 11. Ne5 c6 12. Ba5 Qb8 13. Nd2 Rc8 14. Nd3 Nbd5 15. e4 Nc7 16. a4 c5 17. Nxc5 Bxc5 18. dxc5 Na6 19. e5 Nd5 20. Nc4 Rxc5 21. Qe2 Nab4 22. Rfc1 Nc6 23. Bd2 Qc7 24. Rab1 Ncb4 25. Bxd5 Nxd5 26. b4 Rc6 27. b5 Rc5 28. Qg4 Be8 29. Nd6 Rxc1+ 30. Rxc1 Qe7 31. Bg5 f5 32. Qh4 Qd7 33. a5 Bg6 34. Qc4 h6 35. Bd2 Bh5 36. Kg2 Rd8 37. Be3 Nxe3+ 38. fxe3 b6 39. Ra1 bxa5 40. Rxa5 Qe7 41. Ra6 Kh7 42. Rc6 Bf7 43. e4 fxe4 44. Qxe4+ Bg6 45. Qd4 Qg5 46. h3 Rd7 47. g4 Qh4 48. Qe3 Qe7 49. Kg3 Qd8 50. Qc3 h5 51. Qe3 h4+ 52. Kf3 Qa5 53. Qc3 Qd8 54. Qb4 Bd3 55. Rc8 Qb6 56. g5 Qg1 57. Qxh4+ Kg6 58. Qf2 Qxf2+ 59. Kxf2 Kxg5 60. Kg3 Re7 61. h4+ 1/2-1/2

[Event "SD-2021-0-00322"]
[Site "LSS email"]
[Date "2021.10.17"]
[Round "?"]
[White "Borchardt, Petra"]
[Black "Laczay, Istvan"]
[Result "1/2-1/2"]
[WhiteElo "1476"]
[BlackElo "1483"]
[PlyCount "52"]
[EventDate "2021.03.24"]
[EventType "tourn (corr)"]
[EventRounds "6"]
[EventCountry "GER"]
[SourceTitle "Corr 2024"]
[Source "ChessBase"]
[SourceDate "2023.10.19"]
[SourceVersion "1"]
[SourceVersionDate "2023.10.19"]
[SourceQuality "1"]

1. b4 d5 2. Bb2 Bg4 3. c4 e6 4. Nf3 Nf6 5. cxd5 exd5 6. e3 Bxf3 7. gxf3 Bd6 8. a3 c6 9. Bg2 0-0 10. 0-0 Nbd7 11. f4 Qe7 12. b5 Rfc8 13. a4 a6 14. Nc3 axb5 15. axb5 Ba3 16. bxc6 bxc6 17. Bxa3 Rxa3 18. Qc2 Rca8 19. Rab1 Qe6 20. h3 g6 21. Rfc1 Kg7 22. d4 Ng8 23. Rb2 Ne7 24. Nb1 Ra1 25. Nd2 Nf5 26. Rbb1 Rxb1 1/2-1/2

[Event "SD-2021-0-00322"]
[Site "LSS email"]
[Date "2021.10.17"]
[Round "?"]
[White "Laczay, Istvan"]
[Black "Stasilo, Tymoteusz"]
[Result "1-0"]
[WhiteElo "1483"]
[BlackElo "1568"]
[PlyCount "98"]
[EventDate "2021.03.24"]
[EventType "tourn (corr)"]
[EventRounds "6"]
[EventCountry "GER"]
[SourceTitle "Corr 2024"]
[Source "ChessBase"]
[SourceDate "2023.10.19"]
[SourceVersion "1"]
[SourceVersionDate "2023.10.19"]
[SourceQuality "1"]

1. d4 e6 2. c4 Nf6 3. Nc3 d5 4. cxd5 exd5 5. Bg5 Be7 6. e3 0-0 7. Bd3 Nbd7 8. Nf3 c6 9. h3 Ne4 10. Bf4 f5 11. Qc2 Re8 12. 0-0 Bf6 13. b4 g5 14. Bh2 Qe7 15. b5 Ndc5 16. Bxe4 fxe4 17. Nd2 Nd7 18. Rfc1 Nb6 19. a4 Nd7 20. a5 a6 21. bxc6 bxc6 22. Rab1 Ra7 23. Na4 c5 24. Nb6 Qf7 25. dxc5 Ne5 26. c6 Rc7 27. Bxe5 Bxe5 28. Nxc8 Rexc8 29. Rb6 Qe6 30. Rxa6 Rf7 31. Nf1 g4 32. hxg4 Qxg4 33. Qd2 Rcf8 34. c7 Bxc7 35. Qxd5 Qh4 36. Rc2 Qd8 37. Qxd8 Rxd8 38. g3 Rdf8 39. Ra7 Bd6 40. Rxf7 Kxf7 41. Ra2 Ke6 42. Ra4 Kd5 43. Nd2 Kc6 44. Nxe4 Kb5 45. Nc3+ Ka6 46. Rh4 Kxa5 47. Rxh7 Re8 48. Rb7 Rb8 49. Rxb8 Bxb8 1-0

[Event "RD-2021-0-00167"]
[Site "LSS email"]
[Date "2021.09.28"]
[Round "?"]
[White "Borchardt, Petra"]
[Black "Laczay, Istvan"]
[Result "1-0"]
[WhiteElo "1432"]
[BlackElo "1578"]
[PlyCount "53"]
[EventDate "2020.08.01"]
[EventType "tourn (corr)"]
[EventRounds "6"]
[EventCountry "GER"]
[SourceTitle "Corr 2024"]
[Source "ChessBase"]
[SourceDate "2023.10.19"]
[SourceVersion "1"]
[SourceVersionDate "2023.10.19"]
[SourceQuality "1"]

1. b3 e5 2. e3 Nc6 3. Bb2 Nf6 4. Bb5 Bd6 5. Be2 0-0 6. c4 Bc5 7. a3 a5 8. d4 exd4 9. exd4 Ba7 10. Nf3 d5 11. 0-0 Re8 12. Nc3 Bg4 13. c5 Qd7 14. b4 Rad8 15. b5 Ne7 16. Ne5 Bxe2 17. Nxd7 Bxd1 18. Nxf6+ gxf6 19. Rfxd1 c6 20. a4 Bb8 21. g3 Kg7 22. Na2 Rc8 23. b6 f5 24. Re1 Ng6 25. Rxe8 Rxe8 26. Nc1 f4 27. Nb3 1-0

[Event "RD-2021-0-00166"]
[Site "LSS email"]
[Date "2021.09.12"]
[Round "?"]
[White "Fontana, Marco"]
[Black "Laczay, Istvan"]
[Result "1-0"]
[WhiteElo "1576"]
[BlackElo "1563"]
[PlyCount "65"]
[EventDate "2020.06.11"]
[EventType "tourn (corr)"]
[EventRounds "6"]
[EventCountry "GER"]
[SourceTitle "Corr 2024"]
[Source "ChessBase"]
[SourceDate "2023.10.19"]
[SourceVersion "1"]
[SourceVersionDate "2023.10.19"]
[SourceQuality "1"]

1. e4 c5 2. c3 d5 3. exd5 Qxd5 4. d4 g6 5. Nf3 Bg7 6. Nbd2 Nf6 7. Bc4 Qd8 8. dxc5 0-0 9. Qe2 Qc7 10. Nb3 Bg4 11. h3 Bxf3 12. Qxf3 Nbd7 13. Bf4 e5 14. Be3 a5 15. a4 b6 16. Bb5 Nxc5 17. Nxc5 bxc5 18. 0-0-0 e4 19. Qg3 Rfc8 20. Qxc7 Rxc7 21. Rd6 Ne8 22. Rb6 Be5 23. Bc6 Rac8 24. Bxe4 Nd6 25. Bd3 Rc6 26. Rxc6 Rxc6 27. Bb5 Rc7 28. Rd1 Nf5 29. Rd8+ Kg7 30. Bd2 Re7 31. Ra8 Bc7 32. Kc2 Re6 33. g4 1-0

[Event "RD-2021-0-00166"]
[Site "LSS email"]
[Date "2021.09.03"]
[Round "?"]
[White "Laczay, Istvan"]
[Black "Farr, Dorota"]
[Result "1/2-1/2"]
[WhiteElo "1563"]
[BlackElo "1574"]
[PlyCount "109"]
[EventDate "2020.06.11"]
[EventType "tourn (corr)"]
[EventRounds "6"]
[EventCountry "GER"]
[SourceTitle "Corr 2024"]
[Source "ChessBase"]
[SourceDate "2023.10.19"]
[SourceVersion "1"]
[SourceVersionDate "2023.10.19"]
[SourceQuality "1"]

1. d4 Nf6 2. c4 e6 3. Nc3 Bb4 4. Qc2 0-0 5. e4 d6 6. a3 Bxc3+ 7. bxc3 e5 8. Bd3 c5 9. Ne2 Nc6 10. d5 Ne7 11. f3 Bd7 12. Rb1 Rb8 13. f4 exf4 14. Bxf4 Ng6 15. Bxd6 Ba4 16. Qxa4 Qxd6 17. Ng3 Qf4 18. Qc2 Ne5 19. Be2 b6 20. Qd2 Qh4 21. Qe3 g6 22. a4 Rbe8 23. Kd2 Ned7 24. Bf3 Rd8 25. Kc2 Ne5 26. Be2 Ne8 27. Nf1 Nd6 28. Nd2 f5 29. exf5 Nxf5 30. Qh3 Qf2 31. Rhe1 Rfe8 32. Ne4 Ne3+ 33. Kb3 Qf4 34. Nd2 Kg7 35. Qg3 Qxg3 36. hxg3 Nxg2 37. Rg1 Ne3 38. g4 Nf7 39. Bd3 Ne5 40. Be2 Nf7 41. Bd3 Re7 42. Nf1 Nxf1 43. Rbxf1 Re3 44. Kc2 Rde8 45. Rg2 Rh3 46. Re2 Rxe2+ 47. Bxe2 Rh2 48. Kd3 Rh3+ 49. Kc2 h5 50. gxh5 gxh5 51. Rg1+ Kf6 52. a5 bxa5 53. Rf1+ Ke7 54. Ra1 Rh2 55. Kd2 1/2-1/2

[Event "SD-2021-0-00320"]
[Site "LSS email"]
[Date "2021.09.03"]
[Round "?"]
[White "Laczay, Istvan"]
[Black "Lukin, Andrey"]
[Result "1/2-1/2"]
[WhiteElo "1550"]
[BlackElo "1372"]
[PlyCount "99"]
[EventDate "2021.01.29"]
[EventType "tourn (corr)"]
[EventRounds "6"]
[EventCountry "GER"]
[SourceTitle "Corr 2024"]
[Source "ChessBase"]
[SourceDate "2023.10.19"]
[SourceVersion "1"]
[SourceVersionDate "2023.10.19"]
[SourceQuality "1"]

1. d4 Nf6 2. Nf3 g6 3. c4 d6 4. Nc3 Bg7 5. e4 0-0 6. Be2 e5 7. 0-0 Nc6 8. Be3 Re8 9. dxe5 dxe5 10. Qxd8 Nxd8 11. Rad1 b6 12. c5 Bb7 13. Bd3 Nc6 14. Rfe1 Nb4 15. Bb1 Nc6 16. h3 Rad8 17. Nb5 Rxd1 18. Rxd1 Nd4 19. Nfxd4 exd4 20. Bxd4 Rd8 21. Bc2 Bxe4 22. Bc3 Rxd1+ 23. Bxd1 bxc5 24. Nxa7 Nd5 25. Bxg7 Kxg7 26. a4 Kf6 27. Be2 Nf4 28. Bf1 Ke7 29. f3 Bd3 30. b3 Bxf1 31. Kxf1 Kd7 32. Nb5 Nd3 33. Ke2 Nc1+ 34. Kd2 Nxb3+ 35. Kc3 Na5 36. Na3 Nb7 37. Nc4 Nd6 38. Ne5+ Ke6 39. Nc6 f6 40. Nb8 Nf5 41. a5 Kd6 42. Kd3 Nd4 43. Kc4 c6 44. Na6 Ne6 45. h4 h5 46. g4 f5 47. gxh5 gxh5 48. Kc3 Kd5 49. Kd3 Nf4+ 50. Kc3 1/2-1/2

[Event "SD-2021-0-00320"]
[Site "LSS email"]
[Date "2021.09.03"]
[Round "?"]
[White "Laczay, Istvan"]
[Black "Trani, Francesco"]
[Result "0-1"]
[WhiteElo "1550"]
[BlackElo "1542"]
[PlyCount "70"]
[EventDate "2021.01.29"]
[EventType "tourn (corr)"]
[EventRounds "6"]
[EventCountry "GER"]
[SourceTitle "Corr 2024"]
[Source "ChessBase"]
[SourceDate "2023.10.19"]
[SourceVersion "1"]
[SourceVersionDate "2023.10.19"]
[SourceQuality "1"]

1. d4 Nf6 2. Nf3 g6 3. c4 Bg7 4. Nc3 d5 5. Qb3 dxc4 6. Qxc4 0-0 7. e4 c6 8. Be2 Be6 9. Qa4 Nbd7 10. 0-0 Nb6 11. Qc2 Ne8 12. Rd1 Nd6 13. Bf4 Qc8 14. h3 f5 15. e5 Ne4 16. h4 h6 17. Be3 Bd5 18. Nxd5 Nxd5 19. Bd3 Nxe3 20. fxe3 Ng3 21. Qb3+ Kh8 22. Kh2 f4 23. h5 g5 24. Bg6 Qg4 25. e4 Nxh5 26. d5 cxd5 27. exd5 Ng3 28. Re1 Nf5 29. Bxf5 Rxf5 30. Kg1 Raf8 31. Rad1 Qg3 32. d6 exd6 33. exd6 g4 34. d7 gxf3 35. Qxf3 Rd8 0-1

[Event "LSS RC-2021-0-00254"]
[Site "LSS email"]
[Date "2021.05.16"]
[Round "?"]
[White "Laczay, Istvan"]
[Black "Farr, Dorota"]
[Result "1/2-1/2"]
[WhiteElo "1602"]
[BlackElo "1576"]
[PlyCount "51"]
[EventDate "2021.01.15"]
[EventType "tourn (corr)"]
[EventRounds "6"]
[EventCountry "GER"]
[SourceTitle "Corr 2024"]
[Source "ChessBase"]
[SourceDate "2023.10.19"]
[SourceVersion "1"]
[SourceVersionDate "2023.10.19"]
[SourceQuality "1"]

1. d4 d5 2. c4 dxc4 3. Nf3 e6 4. Nc3 a6 5. e3 Nf6 6. Bxc4 c5 7. 0-0 Nc6 8. Qe2 b5 9. Bb3 Be7 10. dxc5 0-0 11. e4 Bb7 12. Bf4 Nd7 13. Rfd1 Qe8 14. Bc2 Nxc5 15. a3 b4 16. Na4 Nxa4 17. Bxa4 Nd4 18. Nxd4 Qxa4 19. axb4 Qxb4 20. Ra3 Bc5 21. Rb3 Qa4 22. Rxb7 Bxd4 23. Bd6 Qc6 24. Rb4 Qxd6 25. Rdxd4 Qe5 26. Qd2 1/2-1/2

[Event "RD-2021-0-00165"]
[Site "LSS email"]
[Date "2021.04.11"]
[Round "?"]
[White "Laczay, Istvan"]
[Black "Oliveira, Luiz"]
[Result "0-1"]
[WhiteElo "1580"]
[BlackElo "1593"]
[PlyCount "70"]
[EventDate "2020.04.08"]
[EventType "tourn (corr)"]
[EventRounds "6"]
[EventCountry "GER"]
[SourceTitle "Corr 2024"]
[Source "ChessBase"]
[SourceDate "2023.10.19"]
[SourceVersion "1"]
[SourceVersionDate "2023.10.19"]
[SourceQuality "1"]

1. d4 Nf6 2. Nf3 g6 3. c4 Bg7 4. Nc3 0-0 5. g3 d6 6. Bg2 Nc6 7. 0-0 a6 8. b3 Rb8 9. Nd5 Nh5 10. Bb2 e6 11. Nc3 b5 12. Rb1 f5 13. d5 Ne7 14. Qd2 b4 15. Nd1 e5 16. a3 a5 17. axb4 axb4 18. Ra1 f4 19. Ne1 Bd7 20. Nd3 Nf5 21. Nxb4 Bh6 22. Qe1 Qf6 23. Ra3 Nh4 24. Bf3 Bh3 25. Nc6 Nxf3+ 26. exf3 Rbe8 27. b4 Qg5 28. Bc1 Nf6 29. Qe2 Qh5 30. Bb2 g5 31. Re1 g4 32. fxg4 Nxg4 33. f3 Nxh2 34. Qxh2 fxg3 35. Qe2 Bf4 0-1

[Event "SD-2021-0-00318"]
[Site "LSS email"]
[Date "2021.03.17"]
[Round "?"]
[White "Laczay, Istvan"]
[Black "Sampaio Vianna Braga, Carlos Fernando"]
[Result "1-0"]
[WhiteElo "1583"]
[BlackElo "1530"]
[PlyCount "67"]
[EventDate "2020.12.23"]
[EventType "tourn (corr)"]
[EventRounds "6"]
[EventCountry "GER"]
[SourceTitle "Corr 2024"]
[Source "ChessBase"]
[SourceDate "2023.10.19"]
[SourceVersion "1"]
[SourceVersionDate "2023.10.19"]
[SourceQuality "1"]

1. d4 g6 2. e4 Bg7 3. c4 d6 4. Nc3 Nc6 5. Nf3 Bg4 6. Be3 e5 7. dxe5 dxe5 8. Qxd8+ Rxd8 9. Nd5 Rd7 10. 0-0-0 Nf6 11. h3 Bxf3 12. gxf3 0-0 13. Nxf6+ Bxf6 14. Rxd7 Bd8 15. c5 Nb8 16. Rd1 Bh4 17. Bc4 Re8 18. Kc2 Kg7 19. Rd3 Re7 20. Rhd1 Nc6 21. Rd7 Kf8 22. Kc3 f5 23. Rxe7 Kxe7 24. exf5 gxf5 25. f4 exf4 26. Bxf4 Bxf2 27. b4 Bh4 28. Bxc7 Bf6+ 29. Kb3 Nd4+ 30. Ka4 h5 31. Bd6+ Kd7 32. Bf4 Ke7 33. Bd5 b6 34. c6 1-0

[Event "RD-2021-0-00165"]
[Site "LSS email"]
[Date "2021.03.09"]
[Round "?"]
[White "Martin, Simone"]
[Black "Laczay, Istvan"]
[Result "1-0"]
[WhiteElo "1552"]
[BlackElo "1580"]
[PlyCount "65"]
[EventDate "2020.04.08"]
[EventType "tourn (corr)"]
[EventRounds "6"]
[EventCountry "GER"]
[SourceTitle "Corr 2024"]
[Source "ChessBase"]
[SourceDate "2023.10.19"]
[SourceVersion "1"]
[SourceVersionDate "2023.10.19"]
[SourceQuality "1"]

1. e4 c5 2. c3 d5 3. exd5 Qxd5 4. d4 Nf6 5. Nf3 e6 6. Be3 cxd4 7. cxd4 Bb4+ 8. Nc3 0-0 9. Bd3 b6 10. 0-0 Bxc3 11. bxc3 Ba6 12. Bxa6 Nxa6 13. Qd3 Nc5 14. Qe2 Nce4 15. c4 Qh5 16. Rfc1 Rac8 17. h3 Nd6 18. a4 Rfd8 19. c5 Nde4 20. Qa6 bxc5 21. dxc5 Nxc5 22. Qxa7 Nfe4 23. a5 Qd5 24. a6 Ra8 25. Rxc5 Qd6 26. Rc7 Rxa7 27. Rxa7 h6 28. Rb7 Qd5 29. Rb2 Kh7 30. a7 Ra8 31. Rb8 Nc3 32. Rxa8 Qxa8 33. Ne5 1-0

[Event "SD-2021-0-00318"]
[Site "LSS email"]
[Date "2021.03.06"]
[Round "?"]
[White "Trani, Francesco"]
[Black "Laczay, Istvan"]
[Result "1/2-1/2"]
[WhiteElo "1577"]
[BlackElo "1583"]
[PlyCount "66"]
[EventDate "2020.12.23"]
[EventType "tourn (corr)"]
[EventRounds "6"]
[EventCountry "GER"]
[SourceTitle "Corr 2024"]
[Source "ChessBase"]
[SourceDate "2023.10.19"]
[SourceVersion "1"]
[SourceVersionDate "2023.10.19"]
[SourceQuality "1"]

1. e4 c5 2. Nf3 d6 3. Bb5+ Nd7 4. d4 cxd4 5. Qxd4 a6 6. Be2 Ngf6 7. 0-0 e6 8. a4 Be7 9. a5 0-0 10. Nc3 e5 11. Qe3 Qc7 12. Rd1 Re8 13. b4 b5 14. axb6 Nxb6 15. b5 axb5 16. Rxa8 Nxa8 17. Bxb5 Rd8 18. Ba3 Bb7 19. Bb4 Nb6 20. Ba5 Rc8 21. Rd3 Bd8 22. Na4 Qxc2 23. Nxb6 Ng4 24. Qe1 Bxb6 25. Bxb6 Qb2 26. Bd7 Rc1 27. Rd1 Rxd1 28. Qxd1 Nf6 29. Bc7 Nxd7 30. h3 Bc6 31. Qxd6 Qc1+ 32. Kh2 Qf4+ 33. Kg1 Qc1+ 1/2-1/2

[Event "SD-2021-0-00317"]
[Site "LSS email"]
[Date "2021.01.29"]
[Round "?"]
[White "Laczay, Istvan"]
[Black "Chronopoulos, Antonios"]
[Result "0-1"]
[WhiteElo "1587"]
[BlackElo "1415"]
[PlyCount "96"]
[EventDate "2020.09.13"]
[EventType "tourn (corr)"]
[EventRounds "6"]
[EventCountry "GER"]
[SourceTitle "Corr 2024"]
[Source "ChessBase"]
[SourceDate "2023.10.19"]
[SourceVersion "1"]
[SourceVersionDate "2023.10.19"]
[SourceQuality "1"]

1. d4 Nf6 2. c4 e6 3. Nc3 Bb4 4. Qc2 0-0 5. a3 Bxc3+ 6. Qxc3 d5 7. Bg5 dxc4 8. Qxc4 b6 9. Rd1 Ba6 10. Qa4 h6 11. Bh4 Qe7 12. Nf3 c5 13. dxc5 Rc8 14. Qd4 Nbd7 15. Qd6 Qxd6 16. cxd6 Rc2 17. b4 g5 18. Bg3 Rac8 19. a4 Ra2 20. b5 Bb7 21. Ne5 Bd5 22. h4 Bb3 23. Rb1 Bc2 24. Rc1 Rc5 25. hxg5 hxg5 26. Nxd7 Nxd7 27. f3 Bxa4 28. Rxc5 bxc5 29. Rh5 f6 30. e3 Ra1+ 31. Kf2 Bb3 32. e4 e5 33. Rh1 Kg7 34. Ke2 Ba4 35. Kd2 c4 36. Kc3 Nb6 37. Rg1 Rb1 38. d7 Rb3+ 39. Kd2 c3+ 40. Ke3 Nxd7 41. Bc4 Rb4 42. Kd3 Nb6 43. Be6 c2 44. Rc1 Rd4+ 45. Kc3 Rd1 46. Kb2 Rd2 47. Kc3 Rxg2 48. Be1 Bxb5 0-1